Cuentos de las cosas que hablan / (Record no. 27584)

MARC details
000 -LEADER
fixed length control field 00749nam a22002650a 4500
001 - CONTROL NUMBER
control field 12848889
003 - CONTROL NUMBER IDENTIFIER
control field OCoLC
005 - DATE AND TIME OF LATEST TRANSACTION
control field 20221221182211.0
008 - FIXED-LENGTH DATA ELEMENTS--GENERAL INFORMATION
fixed length control field 851126s1983 sp j 000 0 spa d
020 ## - INTERNATIONAL STANDARD BOOK NUMBER
International Standard Book Number 8423927121
020 ## - INTERNATIONAL STANDARD BOOK NUMBER
International Standard Book Number 9788423927128
035 ## - SYSTEM CONTROL NUMBER
System control number ocm12848889
035 ## - SYSTEM CONTROL NUMBER
System control number CARL012848889
040 ## - CATALOGING SOURCE
Original cataloging agency MCF
Transcribing agency MCF
Modifying agency UtOrBLW
041 ## - LANGUAGE CODE
Language code of text/sound track or separate title spa
099 ## - LOCAL FREE-TEXT CALL NUMBER (OCLC)
Classification number 863
-- R571cu SPANISH
100 1# - MAIN ENTRY--PERSONAL NAME
Personal name Robles, Antonio,
Dates associated with a name 1895 or 1897-1983.
245 10 - TITLE STATEMENT
Title Cuentos de las cosas que hablan /
Statement of responsibility, etc. Antoniorrobles; illustraciones de Juan Ramon Alonso.
260 ## - PUBLICATION, DISTRIBUTION, ETC. (IMPRINT)
Place of publication, distribution, etc. Madrid :
Name of publisher, distributor, etc. Epasa-Calpe,
Date of publication, distribution, etc. c1981.
300 ## - PHYSICAL DESCRIPTION
Extent 185 p. :
Other physical details ill. ;
Dimensions 18 cm. --
490 1# - SERIES STATEMENT
Series statement Austral juvenil.
700 1# - ADDED ENTRY--PERSONAL NAME
Personal name Alonso, Juan Ramon
830 #0 - SERIES ADDED ENTRY--UNIFORM TITLE
Uniform title Austral juvenil.
942 ## - ADDED ENTRY ELEMENTS (KOHA)
Koha item type Libro/Book
Holdings
Withdrawn status Lost status Damaged status Not for loan Home library Current library Date acquired Total Checkouts Full call number Barcode Checked out Date last seen Date checked out Price effective from Koha item type Inventory number Total Renewals
        San Juan Del Sur -- Mobile Las parcelas 21/12/2022 2 JFI 33016945   28/08/2024 12/10/2023 21/12/2022 Libro/Book    
        San Juan Del Sur -- Mobile Ostional 21/12/2022 1 JFI 33016899 26/03/2024 20/02/2024 20/02/2024 21/12/2022 Libro/Book    
        San Juan Del Sur -- Mobile San Juan Del Sur -- Mobile 21/12/2022 1 JFI 33016943   23/10/2024 03/04/2024 21/12/2022 Libro/Book Inventory date: 27-2-25 1
        San Juan Del Sur -- Mobile San Juan Del Sur -- Mobile 12/02/2023   JF 30029868   12/02/2023   12/02/2023 Libro/Book Inventory date: 1-2-25  
        San Juan Del Sur -- Mobile Tortuga 12/02/2023 1 JF 30029866 20/04/2026 16/03/2026 16/03/2026 12/02/2023 Libro/Book Inventory date: 15-5-25  

Powered by Koha